[Event "Turnier 40 / 120"]
[Site "Wien"]
[Date "2021.11.30"]
[Round "24"]
[White "Mephisto Berlin 68000 - 12 MHZ"]
[Black "Novag Diamond H8 - 26,6 MHZ"]
[Result "1/2-1/2"]
[BlackElo "2113"]
[WhiteElo "2139"]

1. e4 e5 2. Nf3 Nc6 3. Bb5 a6 4. Ba4 Nf6 5. O-O Nxe4 6. d4 b5 7. Bb3 d5 8.
dxe5 Be6 9. Be3 Be7 10. c3 Qd7 11. Nbd2 Rd8 12. Re1 Nxd2 13. Qxd2 Bg4
{Buchende} 14. Nd4 Nxe5? {Buchbewertung Novag Diamond 0,00, gleich der
erste Zug nach Buchende verliert bereits die Partie, Stockfish +2,50 für
Weiss mit der Fortsetzung Lh6} 15. Bh6 {Buchbewertung Mephisto Berlin +0,09
sieht noch keinen grossen Vorteil.} f6 {noch die beste Verteidigung hilft
aber auch nicht mehr.} 16. Bxg7 Rg8 17. Qh6 Kf7 18. Rxe5! {stark gespielt
vom Mephisto Berlin, hier beweist er, dass auch er gewinnbringende Angriffe
vortragen kann, der richtige Zug, Stockfish +3,50 für Weiss.} fxe5 19. Bxe5
Bg5 20. Qxa6 {Mephisto Berlin +1,66, hier hat er Pech, denn er bewertet den
Textzug um +0,03 besser als den Gewinnzug Dxh7, den er leider im letzten
Moment verwirft, der Textzug ist um 3 Bauerneinheiten !! schlechter und
gibt Schwarz wieder Hoffnung, Stockfish nur noch +0,50 für Weiss mit der
Fortsetzung c5.} c5 21. Nxb5 Rg6 22. Qa7? {deutlich besser ist Da5 und die
Stellung ist im Lot, nach dem Textzug ist bereits Schwarz im Vorteil mit
+1,00 mit der Fortsetzung Dxa7.} Qxa7 23. Nxa7 c4! {der richtige Zug.} 24.
Bc2 {Mephisto Berlin +1,66 sieht sich hier klar im Vorteil, rein materiell
hat er ja auch mit Springer + 3 Bauern gegen einen Turm vorteil, lt.
Stockfish ist Schwarz knapp im Vorteil mit +0,50} Re6 {Novag Diamond -0,92}
25. Bd4 Kg8? {diese Stellung überfordert verständlicherweise beide
Programme, ein offenes Brett mit unzähligen Möglichkeiten, ich verzichte
daher in weiterer Folge auf eine Kommentierung bei zahlreichen
Ungenauigkeiten, jedenfalls nach dem Textzug ist wieder Weiss im Vorteil
mit ca. +1,00, nötig war Te2 mit leichtem Vorteil für Schwarz.} 26. b4 Rde8
27. f3 Re1+ 28. Rxe1 Rxe1+ 29. Kf2 Ra1 30. Bxh7+ Kxh7 31. fxg4 Rxa2+ 32.
Kf3 {die Stellung ist Remis lt. Stockfish 0,00} Rd2 33. Nb5 Rd3+ 34. Kf2
Rd2+ 35. Ke1 Rxg2 36. Nc7 Rxg4 37. Nxd5 Rh4 38. Nb6 Kg6 39. Nxc4 Bf6 40.
Bxf6 Kxf6 41. Nd2 Rxh2 42. Kd1 Ke6 43. c4 Kd6 44. Kc1 Rg2 45. Nb3 Re2 46.
Kb1 Kc7 47. Nc5 Rg2 {Userentscheid: Remis / Stockfish 0,00} 1/2-1/2
[/pgn]
[pgn]

[Event "Turnier 40 / 120"]
[Site "Wien"]
[Date "2021.12.01"]
[Round "25"]
[White "Novag Diamond H8 - 26,6 MHZ"]
[Black "Mephisto Berlin 68000 - 12 MHZ"]
[Result "0-1"]
[BlackElo "2139"]
[WhiteElo "2113"]

1. e4 c5 2. Nf3 d6 3. d4 cxd4 4. Nxd4 Nf6 5. Nc3 a6 6. Bg5 e6 7. f4 Qc7 8.
Qf3 b5 9. Bxf6 gxf6 10. e5 {Buchende} dxe5 11. Ndxb5 {Buchbewertung Novag
Diamond: +1,38 !!, ist hier aber viel zu optimistisch, lt. Stockfish ist
die Stellung exakt ausgeglichen, 0,00} Qb7 12. Qxb7 Bxb7 13. Nc7+ Ke7 14.
Nxa8 Bxa8 15. fxe5 fxe5 {Buchende, diese Variante der Sizilianischen Partie
habe ich bisher noch niemals gesehen, es wurde schon kräftig abgetauscht
und Schwarz büsst innerhalb des Buches die Qualität ein, der Mephisto
Berlin hat hier einen Buchvorteil was die gespielten Züge betrifft und
startet mit einem Zeitvorsprung von 44 Minuten !! in die Partie, allerdings
sind solche Varianten zumindest meiner Meinung nach problematisch für einen
Oldie, denn sollte Weiss hier das Mittelspiel unbeschadet überstehen,
bleibt ihm am Ende die Qualität über also bei einer kleinen Ungenauigkeit
ist das ein Problem für Schwarz, lt. Stockfish ist die Stellung hier exakt
ausgeglichen, ich habe da aber für Schwarz kein gutes Gefühl, denn Weiss
hat ja auch am Damenflügel 3 geschlossene Bauern gegenüber nur einem von
Schwarz, ist für mich erstaunlich, dass diese Stellung ausgeglichen ist lt.
Stockfish, der Hobbyspieler neigt jedenfalls dazu, hier Weiss klar in
Vorteil zu sehen.} 16. Rd1 Rg8 {Buchbewertung Mephisto Berlin: -1,06 ist
gar nicht zufrieden mit seinem Buch, der erste Zug ist bereits eine kleine
Ungenauigkeit, besser ist f5, nach dem Textzug ist Weiss leicht im Vorteil
mit ca. +0,70 lt. Stockfish.} 17. Ne2 {besser ist Td3, die Stellung ist
wieder im Lot} Bh6 18. Ng3 Bf4 19. c3 {ein schwacher Zug, der nun sogar
Schwarz schon in Vorteil bringt, Stockfish +1,20 mit der Fortsetzung Le3.}
Bc6 20. Ne2 Be3 21. Rd3 {die Stellung ist wieder im Lot, Stockfish 0,00}
Bc5 22. Rg3 Rg6? {und hier kommt das angesprochene Problem, Schwarz muss
eigentlich immer den idealen Zug machen, um am Ende nicht mit der Qualität
weniger dazustehen, nach dem Textzug ist Weiss bereits mit +2,30 im Vorteil
mit der Fortsetzung b4, nötig war Td8 und die Stellung ist im Lot.} 23.
Rxg6 {gleichwertig mit b4, Weiss ist mit +2,50 im Vorteil.} hxg6 24. Kd2
{deutlich besser ist b4, dieser Zug halbiert den Vorteil von Weiss auf ca.
+1,20.} a5 25. h4 Nd7 26. Rh3 {deutlich besser ist h5 mit klarem Vorteil
für Weiss, nach dem Textzug ist Weiss nur noch knapp im Vorteil mit ca.
+0,30 mit der Fortsetzung f5} Nf6 {etwas schwächer als f5, Stockfish.} 27.
Nc1 Be4 {deutlich schwächer als Se4+, Weiss ist wieder im Vorteil mit ca.
+1,20} 28. Nd3 Bd6 29. Re3 Bd5 30. Nxe5 {deutlich besser ist Txe5, nach dem
Textzug ist Weiss nur noch knapp im Vorteil mit ca. +0,50} Ne4+ 31. Rxe4
Bxe4 {die Stellung ist im Lot} 32. Ke3 Bxg2 33. Nxg6+ Kf6 {dieser Zug sieht
nur im ersten Moment gut aus, da er die bessere Bauernstruktur bewahrt und
Schwarz in der Folge 2 geschlossene Freibauern erhält, in Wahrheit verliert
aber dieser Zug die Partie, Stockfish +3,00 für Weiss mit der Fortsetzung
Lxg2, nötig war fxg6 mit nur unwesentlichem Vorteil für Weiss mit ca.
+0,40} 34. Bxg2 Kxg6 35. Bf3 {das Endspiel ist trotz ungleicher Läufer ganz
klar verloren für Schwarz, Stockfish +4,40 für Weiss.} f5 {Mephisto Berlin
sieht es ganz anders, Bewertung +0,03 !!} 36. Bc6? {Novag Diamond +0,57
sieht knappen Vorteil, mit diesem Zug verspielt er in der Tat nahezu den
gesamten Vorteil, denn er ist um 4,50 Bauerneinheiten !! schlechter als
Kd4, danach hätte Schwarz schon aufgeben können, Stockfish nur noch +0,50
für Weiss mit der Fortsetzung e5.} e5 37. Be8+ Kf6 38. h5 Kg5 39. a3 Bc5+
40. Kd2 f4 {ein strategisch ganz schlechter Zug der die Partie sofort
verliert, und die weissen Felder um die Schwarzen Freibauern herum schwächt
und Weiss ganz klar in Vorteil bringt, Stockfish +4,00 für Weiss mit der
Fortsetzung b4, nötig war e4 und die Partie ist Remis.} 41. b4 Bb6 42. c4?
{doch der Novag Diamond macht es auch nicht besser und verspielt neuerlich
den Sieg, die Stellung ist wieder Remis, nötig war Kd3 um den Vorstoss e4
zu verhindern damit ist natürlich das Problem der weissen Felder gelöst für
Schwarz.} e4 43. c5 Bd8 44. b5 f3? {ein Katastrophenzug vom Favoriten, der
sofort verliert gegen die Fortsetzung Lg6, Stockfish +6,00 für Weiss, nötig
war natürlich Le7, c6, Ld8 und der Damenflügel ist blockiert und die Partie
ist Remis.} 45. b6 {auch diese Fortsetzung gewinnt, Stockfish +6,00 für
Weiss.} Kf4 46. Bb5 {Hier hat der Novag Diamond etwas Glück, denn er
bewertet im letzten Moment diesen Gewinnzug um +0,03 besser als b7 (danach
wäre es Remis), der Textzug gewinnt die Partie, Stockfish +8,50 für Weiss.}
e3+ 47. Ke1 Kg5 48. Ba6? {dieser absolute Katastrophenzug ist um sage und
schreibe 20 BAUERNEINHEITEN !!!! schlechter als Le2 und kehrt den Spiess um
aus einem Sieg wird mit einem Schlag eine Niederlage, Stockfish +10,00 für
Schwarz mit der Fortsetzung Kxh5.} Kxh5 49. Bc4 Kg4 50. Bd3 Kf4 51. b7 Bc7
52. Bb5 Kf5 53. Kd1 Ke4 54. c6 e2+ 55. Bxe2 fxe2+ 56. Kxe2 Kd5 {Schwarz hat
den richtigen Läufer, Userentscheid: 0-1, was für ein grauenhaftes Endspiel
beider Geräte, der Sieger wurde mittels Zufall ermittelt.} 0-1
[/pgn]
[pgn]

[Event "Turnier 40 / 120"]
[Site "Wien"]
[Date "2021.12.01"]
[Round "26"]
[White "Mephisto Berlin 68000 - 12 MHZ"]
[Black "Novag Diamond H8 - 26,6 MHZ"]
[Result "1-0"]
[BlackElo "2113"]
[WhiteElo "2139"]

1. e4 Nf6 2. e5 Nd5 3. d4 d6 4. Nf3 g6 5. c4 Nb6 6. exd6 cxd6 {Buchende} 7.
h3 Bg7 {Buchbewertung Novag Diamond: +0,30} 8. Be2 O-O 9. Be3 {Buchende}
Qc7 10. O-O Bf5 {deutlich besser ist d5, Stockfish +1,50 für Weiss mit der
Fortsetzung Sa3.} 11. Nc3 {schwächer als Sa3, Weiss bleibt aber etwas im
Vorteil mit ca. +0,80} Nxc4 12. Nd5 Nxe3 13. Nxc7 Nxd1 14. Rfxd1 Nc6 15.
Nxa8 Rxa8 16. Bc4 Rc8 17. Rac1 e6? {ein schwacher Zug, Stockfish +2,00 mit
der Fortsetzung g4} 18. Bd3 {deutlich schwächer als g4, Stockfish +1,00 für
Weiss} Bxd3 19. Rxd3 Kf8? {deutlich mehr Widerstand bietet d5, hier kommt
Weiss schon entscheidend in Vorteil mit seinerseits d5.} 20. d5! {Mephisto
Berlin nützt die Chance und entscheidet die Partie an dieser Stelle zu
seinen Gunsten.} Ne7? {nach dem nächsten groben Fehler ist alles vorbei für
Schwarz, Stockfish +6,00 für Weiss mit der Fortsetzung Txc8, deutlich mehr
Widerstand bot noch exd5 mit ca. +2,50 für Weiss.} 21. Rxc8+ Nxc8 22. dxe6
fxe6 23. Ng5 Ke7 24. Rf3 Bf6 25. Nxh7 Bg7 26. Rg3 Nb6 27. Rxg6 {angesichts
von 3 verbundenen Bauern am Königsflügel (davon 2 Freibauern) und der
Qualität Userentscheid: 1-0} 1-0
[/pgn]
[pgn]

[Event "Turnier 40 / 120"]
[Site "Wien"]
[Date "2021.12.02"]
[Round "27"]
[White "Novag Diamond H8 - 26,6 MHZ"]
[Black "Mephisto Berlin 68000 - 12 MHZ"]
[Result "0-1"]
[BlackElo "2139"]
[WhiteElo "2113"]

1. f4 d5 2. Nf3 g6 3. g3 {Buchende} c6 {Buchende} 4. d4 {Buchbewertung
Novag Diamond: +0,38} Bg7 {Buchbewertung Mephisto Berlin: +0,24 /
entspricht auch der Bewertung von Stockfish.} 5. Bg2 Nf6 6. Nc3 O-O 7. Qd2?
{ein schwacher Zug, verstellt den Läufer c1 ?, Stockfish +1,30 für
Schwarz.} Bf5 8. Nh4 Ne4 {besser ist e6, Stockfish +0,70 für Schwarz.} 9.
Bxe4 Bxe4 10. Nxe4 dxe4 11. e3? {deutlich besser ist c3, Stockfish +1,60
für Schwarz mit der Fortsetzung c5} c5 12. dxc5? {gleich der nächste
Fehler, der die Partie bereits verliert, Stockfish +2,80 für Schwarz mit
der Fortsetzung Sd7} Na6 13. c6 bxc6 14. Qe2 Qb6 15. O-O Nc5 {etwas besser
ist Db5, Stockfish +2,00 für Schwarz.} 16. Rb1 Bf6 17. Ng2 Rab8 18. Qc4
Rfd8 19. b4 Qa6 20. Qxa6 Nxa6 21. a3 Nc7 22. h3 {deutlich besser ist Lb2}
Nb5 23. Rb3 Nc3 24. Bb2 Ne2+ 25. Kh2 Bxb2 26. Rxb2 {die Stellung ist
bereits klar verloren für Weiss, Stockfish +3,50 für Schwarz.} Rd2 27. Rf2
Rbd8 28. g4 e6 {deutlich besser ist Sc3, Stockfish +2,50 für Schwarz.} 29.
h4 {deutlich besser ist a4, Stockfish +4,00 für Schwarz mit der Fortsetzung
Sc3} Nc3 30. Rxd2 Rxd2 31. Kg3 Re2 32. h5 Nd5 {um 4 Bauerneinheiten !!
schwächer als gxh5, Stockfish +2,00 für Schwarz.} 33. hxg6 {deutlich besser
ist h6, Stockfish +3,50 für Schwarz} hxg6 34. Rb3? {um ganze 3
Bauerneinheiten schlechter als a4, damit ist die Partie gelaufen, Stockfish
+6,00 für Schwarz} Rxc2 35. Ne1 Re2 36. Ng2 Kf8 37. a4 Kg7 38. a5 {deutlich
mehr Widerstand bot noch b5, verliert aber auch schon.} a6 39. g5 Rc2 40.
Rb1 Rc4 41. Rd1 Rxb4 42. Rc1 Ne7 43. Kg4 Rb5 44. Rc4 Rxa5 {in dieser
Hoffnungslosen Stellung erspare ich dem Novag Diamond die Hinrichtung,
angesichts von 2 Freibauern und dem folgenden Sd5, wo der Springer eine
Macht darstellt und Dauerdruck gegen e3 macht kann man das vertreten.} 0-1
[/pgn]
[pgn]

[Event "Turnier 40 / 120"]
[Site "Wien"]
[Date "2021.12.02"]
[Round "28"]
[White "Mephisto Berlin 68000 - 12 MHZ"]
[Black "Novag Diamond H8 - 26,6 MHZ"]
[Result "0-1"]
[BlackElo "2113"]
[WhiteElo "2139"]

1. e4 Nf6 2. e5 Nd5 3. d4 d6 4. c4 Nb6 {Buchende} 5. exd6 exd6
{Buchbewertung Novag Diamond: -0,38} 6. Nc3 Be7 7. Nf3 O-O 8. Be2
{Buchende} Nc6 9. O-O {Buchbewertung Mephisto Berlin: +0,36 / lt. Stockfish
steht Weiss besser mit ca. +0,60} Bf5 10. Bf4 Bf6 11. d5 Ne5 12. Nd4 Bg6
13. b3 Re8 14. Qd2 Nbd7 15. Be3 Qe7? {deutlich besser ist h6, nach dem
Textzug ist Weiss klar in Vorteil mit +1,80 mit der Fortsetzung Sdb5} 16.
Rfe1? {verspielt den gesamten Vorteil, Stockfish 0,00 mit der Fortsetzung
Sc5} Nc5 17. Bf4 Qd8 18. Red1 Ned3 19. Be3 Qd7 20. Ndb5 Re7 21. h3 Rae8 22.
Bxd3 Nxd3 23. Nxa7? {ein ganz schwacher Zug, der die Partie bereits
verliert, Stockfish +3,50 für Schwarz mit der Fortsetzung Txe3, deutlich
mehr Widerstand bot Tf1 mit ca. +1,20 für Schwarz.} c6 {deutlich schwächer
als Txe3, Schwarz bleibt aber im Vorteil mit ca. +2,20} 24. Rf1 Be5 25.
Rad1 Kh8? {ein sinnloser Zug, der nahezu den gesamten Vorteil abgibt,
Stockfish nur noch +0,80 für Schwarz, nötig war Lf5 mit +3,00 für Schwarz.}
26. a3? {deutlich besser ist Lg5, nach dem Textzug ist Schwarz wieder klar
im Vorteil mit +2,00 mit der Fortsetzung Lf5} Qc7? {wie gewonnen, so
zeronnen, nach dem Textzug ist der komplette Vorteil von Schwarz dahin, die
Stellung ist im Lot, an dieser Stelle überfordert diese komplizierte
Stellung beide Geräte, die hier verständlicherweise nicht die richtigen
Züge finden, ich sehe daher hier von einer weiteren Kommentierung ab.} 27.
Ne2 cxd5 28. cxd5 Nc5 29. Qb4 Bc2 30. Rc1 Bd3 31. Rfe1 Qd7 32. Nf4 Be4 33.
Red1? {dieser Zug muss jetzt wieder kommentiert werden, denn er verliert
sofort gegen die Fortsetzung Df5, Stockfish +4,30 für Schwarz, nötig war
Txc5 und die Stellung ist im Lot.} Bxf4? {doch der Novag Diamond kann die
Chance nicht nützen, Stockfish wieder 0,00} 34. Bxf4 Nd3 35. Rxd3 Bxd3 36.
Bxd6? {das Schlagen des Bauern ist nicht empfehlenswert, Stockfish +1,80
für Schwarz, nötig war Dc3 und die Stellung ist exakt im Lot.} Re2 37. Rc7
Qf5 38. Bg3 {deutlich besser ist Df4, Stockfish +2,70 für Schwarz mit der
Fortsetzung Le4} Qxd5 {deutlich schwächer als Le4, Stockfish +1,00 für
Schwarz.} 39. Qxb7 Qxb7 40. Rxb7 Ra2 41. a4 {viel besser ist Txf7 und die
Stellung ist im Lot, nach dem Textzug ist Schwarz ganz klar im Vorteil mit
+2,00 mit der Fortsetzung f6.} Be4? {und wieder verpasst der Novag Diamond
die Chance, nach dem Textzug ist die Partie wieder Remis.} 42. Rb4 Bd5 43.
Nb5 Re1+ 44. Kh2 Raa1 45. Bf4 h5 46. Be3 Kg8 47. Kg3 h4+ 48. Kxh4 Bxg2 49.
Rg4 Bf3 50. Rg5? {ein ganz schlechter Zug, der Weiss auf die
Verliererstrasse bringt, Stockfish +2,60 für Schwarz mit der Fortsetzung
f6, nötig war Tg3 mit geringem Vorteil für Schwarz.} f6! {Novag Diamond
+0,69, der richtige Zug.} 51. Rc5? {Mephisto Berlin 0,00 sieht noch keinen
Fehler, deutlich mehr Widerstand bot Tg3, Stockfish +4,40 für Schwarz,
allerdings übersteigt der Gewinnweg hier die Leistungsfähigkeit beider
Kontrahenten, denn sie besteht in Txe3 !!} g5+ {Novag Diamond +1,92 sieht
hier klaren Vorteil, etwas schwächer als Txe3, aber Schwarz bleibt ganz
klar im Vorteil mit immer noch +3,00.} 52. Kg3 {Mephisto Berlin sieht noch
keine Gefahr: +0,21} Be2 {Novag Diamond +2,03, besser war hier aber Le4,
trotzdem bleibt Schwarz klar im Vorteil mit +2,50} 53. f3 {Mephisto Berlin
-0,81 / Stockfish -3,00} Bxb5 54. Bd4? {nochmals deutlich schwächer als
Lf2, Stockfish +4,20 für Schwarz mit der Fortsetzung Tad1} Rad1 55. Bxf6
Rg1+ 56. Kh2 Be2 57. Bd4 Rh1+ 58. Kg2 Bxf3+ 59. Kxf3 Rxd4 60. Rxg5+ Kf7 61.
Rb5 Rxh3+ 62. Ke2 Rdd3 63. Rb7+ Ke6 64. b4 {übersieht ein Matt in 7, länger
verzögert hätte natürlich Tb6+, ist aber schon egal} Ra3 65. Kf1 Ra1+ 66.
Kg2 Rb3 {Matt in 8, Rest geschenkt} 0-1
[/pgn]
[pgn]

[Event "Turnier 40 / 120"]
[Site "Wien"]
[Date "2021.12.04"]
[Round "29"]
[White "Novag Diamond H8 - 26,6 MHZ"]
[Black "Mephisto Berlin 68000 - 12 MHZ"]
[Result "1/2-1/2"]
[BlackElo "2139"]
[WhiteElo "2113"]

1. d4 d5 2. c4 c6 3. Nc3 Nf6 4. e3 {Buchende} g6 5. Nf3 {Buchbewertung
Novag Diamond: +0,53} Bg7 {Buchende} 6. Bd2 O-O {Buchbewertung Mephisto
Berlin: -0,21 entspricht etwa der Bewertung von Stockfish} 7. Qa4 Bg4 8.
Ne5 Bf5 9. Qb3 Qb6 10. Qxb6 axb6 11. cxd5 cxd5 12. g4 Be6 13. Bg2 Rd8 14.
g5 Ne8 15. f4 Nc6 16. O-O f6 {die Stellung ist im Lot, Stockfish 0,00} 17.
Nf3 Bg4 18. h3 Bxf3 19. Bxf3 e6 20. Nb5 Rdc8 21. gxf6 Bxf6 22. Bg4 Kf7 23.
Rfc1 Ne7 24. Rxc8 Rxc8 25. Rc1 Rxc1+ 26. Bxc1 Nf5 27. Bd2 Ned6 28. Nxd6+
Nxd6 29. Kf2 Ne4+ 30. Ke2 h5 31. Bf3 Nxd2 32. Kxd2 {ungleiche Läufer, alle
Bauern blockiert, diese Stellung gibt nichts mehr her, Userentscheid:
Remis, nach dem Einwand von Kurt wird der Userentscheid aufgehoben und die
Partie wird fortgesetzt.} Ke7 33. Kc3 Bh4 34. Be2 Kf6 35. Kd2 Kf7 36. Bb5
Ke7 37. Ke2 g5 38. fxg5 Bxg5 39. Kd3 Kd6 40. e4 dxe4+ 41. Kxe4 Bc1 42. b3
Ba3 43. Be2 h4 44. Bd3 Bc1 {Userentscheid: Remis} 1/2-1/2
[/pgn]
[pgn]

[Event "Turnier 40 / 120"]
[Site "Wien"]
[Date "2022.06.18"]
[Round "30"]
[White "Mephisto Berlin 68000 - 12 MHZ"]
[Black "Novag Diamond H8 - 26,6 MHZ"]
[Result "1/2-1/2"]
[BlackElo "2105"]
[WhiteElo "2132"]

{Analyse ------> Komodo 13.02.} 1. e4 c5 2. Nf3 d6 3. d4 cxd4 4. Nxd4 Nf6
5. Nc3 a6 6. Bg5 e6 7. f4 Be7 8. Qf3 Qc7 9. O-O-O Nbd7 10. g4 b5 11. Bxf6
Nxf6 12. g5 Nd7 13. f5 Nc5 14. f6 gxf6 15. gxf6 Bf8 16. Qh5 Bd7 17. Bh3 b4
18. Nce2 {Buchende} Qa5 19. Kb1 {Buchbewertung Mephisto Berlin 68000:
+0,84} b3 {Buchende} 20. axb3 {klar schwächer als cxb3} Nxb3 {Buchbewertung
Novag Diamond: -0,15 / lt. Komodo steht Schwarz knapp besser mit ca. +0,40}
21. Qxa5 Nxa5 22. Nc3 Nc4 23. Nb3 Rg8 24. Rhg1 Rg6 25. Rxg6 hxg6 26. Rd4
Rc8 {deutlich besser ist Se5, die Stellung ist im Lot} 27. Bf1 Na3+ 28. Kc1
{besser ist bxa3} Nb5 29. Nxb5 axb5 30. Kb1 g5 31. Be2 Rb8 32. Nd2 Bc6 33.
Nf3 e5 34. Rd1 Bxe4 {etwas besser ist Tb6, nach dem Textzug ist Weiss etwas
im Vorteil, Komodo +0,70 mit der Fortsetzung Sxg5} 35. Nxg5 Bc6? {deutlich
schwächer als Lf5, nach dem Textzug ist Weiss bereits klar im Vorteil,
Komodo +1,50 mit der Fortsetzung Td3} 36. Bh5 {klar schwächer als Td3,
Komodo +1,00 für Weiss} Rb7 37. Ne6 Rd7? {deutlich besser ist Le4, Komodo
+1,50 für Weiss mit der Fortsetzung h4} 38. h4 d5 39. c3? {deutlich
schwächer als Tf1, danach ist Schwarz wieder voll in der Partie, Komodo nur
noch +0,40 für Weiss mit der Fortsetzung b4} b4! 40. Rg1 {besser ist cxb4
nach dem Textzug ist die Stellung im Lot, Komodo 0,00} Rd6 41. Ng5 Rxf6 42.
Nxf7 e4 43. Ne5+ Ke7 44. Nxc6+ Rxc6 45. Rg5 bxc3 46. bxc3 Kd6 47. Bf7 Rxc3
48. Rxd5+ Ke7 49. Rf5 e3 50. Bh5 {Remis} 1/2-1/2
[/pgn]
[pgn]

[Event "Turnier 40 / 120"]
[Site "Wien"]
[Date "2022.06.19"]
[Round "31"]
[White "Novag Diamond H8 - 26,6 MHZ"]
[Black "Mephisto Berlin 68000 - 12 MHZ"]
[Result "0-1"]
[BlackElo "2132"]
[WhiteElo "2105"]

{Analyse -------> Komodo 13.02.} 1. e4 c5 2. Nf3 e6 3. d4 cxd4 4. Nxd4 a6
5. Nc3 Nc6 6. Be3 Qc7 7. Be2 Nf6 8. O-O Bb4 9. Na4 O-O 10. Nxc6 bxc6 11.
Nb6 Rb8 12. Nxc8 Rfxc8 13. Bxa6 Rd8 14. Bd3 Bd6 15. Kh1 Be5 16. c3
{Buchende} Rxb2 {Buchende} 17. Qc1 {Buchbewertung Novag Diamond: -0,69} Qb7
{Buchbewertung Mephisto Berlin 68000: -0,03 / lt. Komodo steht Weiss klar
besser mit ca. +1,00} 18. f4 Bc7 19. Rf2? {ein schwacher Zug, danach ist
Schwarz schon leicht im Vorteil, Komodo +0,40, nötig war a4 mit klarem
Vorteil für Weiss mit ca. +1,20} Rxf2 20. Bxf2 d6 {etwas besser ist e5, die
Stellung ist im Lot} 21. Rb1 Qa8 22. Qc2 Rb8 23. h3 Rxb1+ 24. Qxb1 g6 25.
c4 Qa3 26. g3 e5 27. fxe5 dxe5 28. Qb3 Qc1+ 29. Kg2 Qd2 30. Kf3 Qc1 31. Kg2
Qd2 {die Stellung ist immer noch im Lot, Komodo 0,00} 32. c5 Ba5 33. Kf3
Kg7 34. Qc2 Nd7 35. Qxd2 Bxd2 36. a4 Bb4 37. Bb5??? {ein absoluter
Verlustzug, danach ist die Partie sofort verloren Komodo -3,20 mit der
Fortsetzung cxb5, nach Lc4 wäre die Stellung im Lot gewesen} cxb5! {na
klar} 38. c6 Ba5 39. cxd7 bxa4 40. g4 Kf6 41. Bh4+ g5 {Rest geschenkt} 0-1
[/pgn]
[pgn]